Radicalismo Chileno: historia y doctrina del Partido Radical

Salvato in:
Dettagli Bibliografici
Autore principale: Snow, Peter G (Autore)
Natura: Libro
Lingua:spagnolo
Pubblicazione: Buenos Aires Francisco de Aguirre 1972
Serie:Biblioteca de Ciencias Políticas, 7
Soggetti:
Tags: Aggiungi Tag
Nessun Tag, puoi essere il primo ad aggiungerne!!

MARC

LEADER 00000nam a2200000 a 4500
001 UCT9942
003 CL-VaPUC
008 970418e19720000AG |||||||||||||||||spa|d
082 0 4 |a 324  |b SNO  |2 21 
100 0 |a Snow, Peter G  |e author  |9 383048 
245 1 0 |a Radicalismo Chileno: historia y doctrina del Partido Radical 
300 |a 163 p 
942 |c BK 
945 |d 19970418 00:00:00  |a amoreno 
260 |a Buenos Aires  |b Francisco de Aguirre  |c 1972 
650 7 |a RADICALISMO  |2 CL-VaPUC  |9 383049 
650 7 |a PARTIDO RADICAL  |2 CL-VaPUC  |9 383050 
650 7 |a DOCTRINA  |2 CL-VaPUC  |9 378331 
650 0 |a Historia  |9 255047 
651 7 |a CHILE  |2 CL-VaPUC  |9 383051 
583 |a last modification  |c 20120420 02:06:30  |k Rodrigo Vera 
490 0 |a Biblioteca de Ciencias Políticas, 7 
999 |c 258272  |d 258270 
952 |0 0  |1 0  |4 0  |6 324_000000000000000_SNO_1972  |7 0  |8 A  |9 282240  |a BIBGIM  |b BIBGIM  |d 2019-11-19  |i 3276074  |l 1  |o 324 SNO 1972  |p 3276074  |r 2025-01-15  |s 2023-10-10  |w 2019-11-19  |y BK  |k GIM